Statistics for Country by letter #4: All countries starting with the letter D

Click here to take the quiz!

General Stats

  • This quiz has been taken 29 times
    (17 since last reset)
  • The average score is 5 of 5

Answer Stats

HintAnswer% Correct
North AmericaDominican Republic
100%
EuropeDenmark
93%
AfricaDjibouti
93%
North AmericaDominica
93%
AfricaDemocratic Republic of the Congo
87%

Score Distribution

Percentile by Number Answered

Percent of People with Each Score

Your Score History

You have not taken this quiz since the last reset